Iniciación audiovisual por medio de la diapositiva / (Record no. 101558)

MARC details
000 -CABECERA
campo de control de longitud fija 00659nam a2200217 a 4500
005 - FECHA Y HORA DE LA ÚLTIMA TRANSACCIÓN
campo de control 20230608063705.0
008 - ELEMENTOS DE LONGITUD FIJA--INFORMACIÓN GENERAL
campo de control de longitud fija 030930s1992 mx r 000 0 spa d
020 ## - NÚMERO INTERNACIONAL NORMALIZADO PARA LIBROS
Número Internacional Estándar del Libro 843310540X
035 ## - NÚMERO DE CONTROL DEL SISTEMA
Número de control de sistema UPN01000129386
049 ## - COLECCIÓN
Colección CG
050 #4 - SIGNATURA TOPOGRÁFICA DE LA BIBLIOTECA DEL CONGRESO
Número de clasificación LB1043.2
Número de documento/Ítem N3.5
100 1# - ASIENTO PRINCIPAL--NOMBRE PERSONAL
Nombre de persona Navarro Higuera, Juan
245 10 - MENCIÓN DE TÍTULO
Título Iniciación audiovisual por medio de la diapositiva /
Mención de responsabilidad, etc. Juan Navarro Higuera.
260 ## - PUBLICACIÓN, DISTRIBUCIÓN, ETC.
Lugar de publicación, distribución, etc. Madrid :
Nombre del editor, distribuidor, etc. Escuela Española,
Fecha de publicación, distribución, etc. [1992].
300 ## - DESCRIPCIÓN FÍSICA
Extensión 347 p. :
Otras características físicas il.
650 #4 - ASIENTO SECUNDARIO DE MATERIA - TERMINO TEMATICO
Término de materia o nombre geográfico como elemento de entrada DIAPOSITIVAS
9 (RLIN) 9724
650 #4 - ASIENTO SECUNDARIO DE MATERIA - TERMINO TEMATICO
Término de materia o nombre geográfico como elemento de entrada PROYECCION DE DIAPOSITIVAS
9 (RLIN) 21435
650 #4 - ASIENTO SECUNDARIO DE MATERIA - TERMINO TEMATICO
Término de materia o nombre geográfico como elemento de entrada APARATOS AUDIOVISUALES
9 (RLIN) 230
650 #4 - ASIENTO SECUNDARIO DE MATERIA - TERMINO TEMATICO
Término de materia o nombre geográfico como elemento de entrada Enseñanza audiovisual
9 (RLIN) 13757
905 ## - TIPO DE MATERIAL
Tipo de material Libro
Holdings
Estado de retiro Estado de pérdida Fuente del sistema de clasificación o colocación Estado dañado No para préstamo Código de colección Localización permanente Ubicación/localización actual Ubicación en estantería Total de préstamos Clasificación Código de barras Fecha visto por última vez Número de copia Tipo de ítem Koha
    Library of Congress Classification     Colección General Bib. Gregorio Torres Quintero Bib. Gregorio Torres Quintero Planta baja 3 LB1043.2 N3.5 189973 31/12/2020 1 Libro